000 00445nam a2200193Ia 4500
005 20240823040634.0
008 240823s9999||||xx |||||||||||||| ||und||
020 _a978-81-237-5456-0
041 _aENGLISH
082 _A892.430108 Q1
100 _aHaya Hoffman
245 0 _aNot Just Milk and Honey
250 _a1st
260 _c2011
_bNational Book
500 _aYES
650 _aGeneral
_bGeneral
942 _cBK
999 _c203597
_d203597